2023/24 Italian Football League Teams - Statistics

General Stats
  • This quiz has been taken 168 times
  • The average score is 28 of 39
Answer Stats
League Team % Correct
Serie A Roma
100%
Serie A Inter
99%
Serie A AC Milan
98%
Serie A Juventus
98%
Serie A Lazio
98%
Serie A Napoli
97%
Serie A Fiorentina
96%
Serie A Atalanta
93%
Serie A Bologna
92%
Serie A Genoa
92%
Serie A Torino
92%
Serie A Verona
89%
Serie A Cagliari
86%
Serie A Udinese
86%
Serie B Venezia
84%
Serie B Palermo
83%
Serie B Parma
82%
Serie A Sassuolo
82%
Serie B Bari
81%
Serie A Lecce
78%
Serie B Sampdoria
76%
Serie A Monza
75%
Serie A Salernitana
75%
Serie A Empoli
74%
Serie A Frosinone
65%
Serie B Como
59%
Serie B Pisa
56%
Serie B Cremonese
53%
Serie B Spezia
53%
Serie B Ascoli
48%
Serie B Modena
47%
Serie B Reggiana
44%
Serie B Südtirol
44%
Serie B Lecco
37%
Serie B Ternana
36%
Serie B Cosenza
35%
Serie B Catanzaro
33%
Serie B Cittadella
33%
Serie B FeralpiSalò
26%
No matching quizzes found
Score Distribution
Percent of People with Each Score
Percentile by Number Answered
Your Score History
You have not taken this quiz